Building a secure future for multiemployer pension plans : hearing of the Committee on Health, Education, Labor, and Pensions, United States Senate, One Hundred Eleventh Congress, second session ... May 27, 2010.

Bibliographic Details
Corporate Author: United States. Congress. Senate. Committee on Health, Education, Labor, and Pensions
Format: Government Document eBook
Language:English
Published: Washington : U.S. G.P.O., 2012.
Series:S. hrg. ; 111-1140
Subjects:
Online Access:https://purl.fdlp.gov/GPO/gpo30645

MARC

Tag First Indicator Second Indicator Subfields
LEADER 00000cam a2200000 a 4500
001 in00002787876
005 20211120170512.0
006 m d f
007 cr bn|||||||||
008 121031s2012 dcua ob f000 0 eng c
035 |a (OCoLC)ocn815518215 
037 |a 552-070-45274-5  |b GPO  |f paper 
040 |a GPO  |c GPO  |d MvI  |d UtOrBLW 
042 |a pcc 
043 |a n-us--- 
049 |a WWW 
050 1 4 |a KF26  |b .L27 2010q 
074 |a 1043-C (online) 
086 0 |a Y 4.L 11/4:S.HRG.111-1140 
110 1 |a United States.  |b Congress.  |b Senate.  |b Committee on Health, Education, Labor, and Pensions. 
245 1 0 |a Building a secure future for multiemployer pension plans :  |b hearing of the Committee on Health, Education, Labor, and Pensions, United States Senate, One Hundred Eleventh Congress, second session ... May 27, 2010. 
264 1 |a Washington :  |b U.S. G.P.O.,  |c 2012. 
300 |a 1 online resource (iii, 101 pages) :  |b illustrations 
336 |a text  |b txt  |2 rdacontent 
337 |a computer  |b c  |2 rdamedia 
338 |a online resource  |b cr  |2 rdacarrier 
490 1 |a S. hrg. ;  |v 111-1140 
500 |a Title from title screen (viewed on Oct. 31, 2012). 
500 |a Paper version available for sale by the Supt. of Docs., U.S. G.P.O. 
504 |a Includes bibliographical references. 
500 |a Electronic resource. 
650 0 |a Multiemployer pension plans  |z United States. 
650 0 |a Pension trust guaranty insurance  |z United States. 
776 0 8 |i Print version:  |a United States. Congress. Senate. Committee on Health, Education, Labor, and Pensions.  |t Building a secure future for multiemployer pension plans  |w (OCoLC)815785302 
776 0 8 |i Microfiche version:  |a United States. Congress. Senate. Committee on Health, Education, Labor, and Pensions.  |t Building a secure future for multiemployer pension plans  |w (OCoLC)828626600 
810 1 |a United States.  |b Congress.  |b Senate.  |t S. hrg. ;  |v 111-1140. 
856 4 0 |u https://purl.fdlp.gov/GPO/gpo30645  |t 0 
999 |a MARS 
999 f f |s 19d91050-7bda-347e-994b-e9d660e64653  |i c74e876a-df98-3531-90a6-59732cc54a1d  |t 0 
952 f f |a Texas A&M University  |b College Station  |c Electronic Resources  |d Available Online  |t 0  |e Y 4.L 11/4:S.HRG.111-1140  |h Superintendent of Documents classification 
998 f f |a Y 4.L 11/4:S.HRG.111-1140  |t 0  |l Available Online